[Event "ROM-ch Rapid"]
[Site "Bucharest"]
[Date "2022.03.12"]
[Round "6"]
[White "Vasilescu, Rares Cristian"]
[Black "Jugaru, Lucian"]
[Result "0-1"]
[WhiteElo "1851"]
[BlackElo "1830"]
[PlyCount "112"]
[EventDate "2022.03.11"]
[EventType "swiss (rapid)"]
[EventRounds "9"]
[EventCountry "ROU"]
[SourceTitle "CBM 207 Extra"]
[Source "ChessBase"]
[SourceDate "2022.05.31"]
[SourceVersion "1"]
[SourceVersionDate "2022.05.31"]
[SourceQuality "1"]

1. d4 d5 2. Bf4 Bf5 3. c4 Bxb1 4. Rxb1 c6 5. Qb3 Qa5+ 6. Bd2 Qb6 7. Qxb6 axb6 8. cxd5 cxd5 9. a3 Nc6 10. e3 f6 11. Bb5 e5 12. dxe5 fxe5 13. Nf3 e4 14. Ne5 Nge7 15. Rc1 Rc8 16. Bb4 g6 17. Bxe7 Kxe7 18. Nxc6+ Kd6 19. Ke2 bxc6 20. Rc2 Bg7 21. Rhc1 c5 22. f3 exf3+ 23. gxf3 Rc7 24. Rd1 Re7 25. Kf2 Be5 26. h3 Rf8 27. Kg2 Bg7 28. e4 d4 29. Be2 Be5 30. a4 Ra7 31. b3 Bf4 32. Bc4 Ke5 33. Bb5 Be3 34. b4 Rc7 35. bxc5 Rxc5 36. Rxc5+ bxc5 37. a5 Rb8 38. Be2 Rb2 39. Kf1 Ra2 40. a6 Ra4 41. Rb1 c4 42. Rb5+ Kf4 43. Rb1 d3 44. Bd1 Rxa6 45. Rb4 Ra1 46. Ke1 Rc1 47. Ra4 Ke5 48. Ra5+ Kd4 49. Rd5+ Kc3 50. e5 Bd2+ 51. Kf2 Rxd1 52. Rd7 Re1 53. Re7 Re2+ 54. Kf1 Bg5 55. Re8 Re3 56. e6 d2 0-1

[Event "ROM-ch U16"]
[Site "Calimanesti Caciulata"]
[Date "2019.04.22"]
[Round "9"]
[White "Vasilescu, Rares Cristian"]
[Black "Caraba, Alexandru"]
[Result "1/2-1/2"]
[WhiteElo "1613"]
[BlackElo "1677"]
[PlyCount "42"]
[EventDate "2019.04.15"]
[EventType "swiss"]
[EventRounds "9"]
[EventCountry "ROU"]
[SourceTitle "CBM 190 Extra"]
[Source "ChessBase"]
[SourceDate "2019.07.15"]
[SourceVersion "1"]
[SourceVersionDate "2019.07.15"]
[SourceQuality "1"]

1. d4 g6 2. Nf3 Bg7 3. Bf4 d6 4. Nc3 Nf6 5. Qd2 Nbd7 6. e4 a6 7. Bd3 c5 8. d5 b5 9. a3 Ng4 10. h3 Nge5 11. Nxe5 Nxe5 12. Bh6 0-0 13. Bxg7 Kxg7 14. f4 Nxd3+ 15. cxd3 Bb7 16. 0-0 e6 17. dxe6 fxe6 18. b4 cxb4 19. axb4 Rc8 20. Rac1 e5 21. Ne2 Qe7 1/2-1/2

[Event "ROM-ch U16"]
[Site "Calimanesti Caciulata"]
[Date "2019.04.19"]
[Round "6"]
[White "Denes, Attila Norbert"]
[Black "Vasilescu, Rares Cristian"]
[Result "0-1"]
[WhiteElo "1819"]
[BlackElo "1613"]
[PlyCount "122"]
[EventDate "2019.04.15"]
[EventType "swiss"]
[EventRounds "9"]
[EventCountry "ROU"]
[SourceTitle "CBM 190 Extra"]
[Source "ChessBase"]
[SourceDate "2019.07.15"]
[SourceVersion "1"]
[SourceVersionDate "2019.07.15"]
[SourceQuality "1"]

1. e4 d6 2. d4 Nf6 3. Nc3 e5 4. d5 Be7 5. f4 Nbd7 6. Nf3 exf4 7. Bxf4 Nc5 8. Bd3 0-0 9. Qd2 a5 10. h3 Nxd3+ 11. Qxd3 Nh5 12. g3 f5 13. 0-0-0 fxe4 14. Qxe4 Bf5 15. Qc4 Nxf4 16. gxf4 Bf6 17. Ne4 Bxe4 18. Qxe4 Re8 19. Qd3 Qd7 20. h4 Qg4 21. f5 Qf4+ 22. Nd2 Re3 23. Qb5 Qb4 24. Qxb4 axb4 25. Kb1 Re5 26. Nc4 Rxf5 27. Ne3 Rf4 28. h5 Re8 29. Rh3 Rfe4 30. Nf5 Re1 31. Rh1 Rxd1+ 32. Rxd1 Re5 33. Rf1 Rxd5 34. h6 Re5 35. Nxg7 Bxg7 36. Rg1 Re7 37. a4 bxa3 38. bxa3 Kh8 39. hxg7+ Rxg7 40. Rh1 Rg3 41. Kb2 Rg5 42. a4 h5 43. Kb3 Kg7 44. Rh4 Kg6 45. Rb4 b6 46. Rc4 Rc5 47. Re4 Kg5 48. c4 Re5 49. Rd4 h4 50. Rd1 h3 51. Kb4 Kh4 52. Rd4+ Kg3 53. Rd3+ Kg2 54. Rd2+ Kf3 55. Rd3+ Re3 56. Rd2 Re2 57. Rd5 h2 58. Rh5 Kg2 59. Rg5+ Kf1 60. Rh5 Kg1 61. Rg5+ Rg2 0-1

[Event "ROM-ch U16"]
[Site "Calimanesti Caciulata"]
[Date "2019.04.18"]
[Round "5"]
[White "Vasilescu, Rares Cristian"]
[Black "Ignat, Matei Marius"]
[Result "1/2-1/2"]
[WhiteElo "1613"]
[BlackElo "1750"]
[PlyCount "56"]
[EventDate "2019.04.15"]
[EventType "swiss"]
[EventRounds "9"]
[EventCountry "ROU"]
[SourceTitle "CBM 190 Extra"]
[Source "ChessBase"]
[SourceDate "2019.07.15"]
[SourceVersion "1"]
[SourceVersionDate "2019.07.15"]
[SourceQuality "1"]

1. d4 Nf6 2. Nf3 e6 3. e3 c5 4. Bd3 Nc6 5. b3 d5 6. 0-0 Be7 7. Bb2 0-0 8. a3 b6 9. Nbd2 Bb7 10. Ne5 Nxe5 11. dxe5 Ne4 12. Nxe4 dxe4 13. Be2 Qc7 14. c4 Rfd8 15. Qc2 Rd7 16. Rfd1 Rad8 17. Rxd7 Rxd7 18. Rd1 Kf8 19. Kf1 Ke8 20. Rxd7 Qxd7 21. Qd1 Qc7 22. g3 Bf8 23. Bc3 g6 24. Qa1 Bg7 25. b4 cxb4 26. axb4 Bc6 27. b5 Ba8 28. Bd4 h6 1/2-1/2

[Event "ROM-ch U14"]
[Site "Calimanesti"]
[Date "2018.03.27"]
[Round "1"]
[White "Mechenici, Alin Stefanita"]
[Black "Vasilescu, Rares Cristian"]
[Result "0-1"]
[WhiteElo "1001"]
[BlackElo "1649"]
[PlyCount "62"]
[EventDate "2018.03.27"]
[EventType "swiss"]
[EventRounds "9"]
[EventCountry "ROU"]
[SourceTitle "CBM 183 Extra"]
[Source "ChessBase"]
[SourceDate "2018.04.19"]
[SourceVersion "1"]
[SourceVersionDate "2018.04.19"]
[SourceQuality "1"]

1. e4 d6 2. d4 Nf6 3. Nc3 g6 4. Nf3 Bg7 5. Be2 0-0 6. 0-0 Nbd7 7. h3 a6 8. e5 Ne8 9. exd6 Nxd6 10. Bf4 Nb6 11. Qd2 Nbc4 12. Bxc4 Nxc4 13. Qd3 Nb6 14. b3 c6 15. Qe3 Re8 16. Rad1 Nd5 17. Nxd5 cxd5 18. Bh6 Bf5 19. Rd2 Rc8 20. Bxg7 Kxg7 21. Ne1 Qd6 22. Qe5+ f6 23. Qxd6 exd6 24. g4 Bd7 25. Nf3 Rc3 26. Kg2 f5 27. gxf5 Bxf5 28. Rc1 Be4 29. Re1 Bxf3+ 30. Kf1 Bg2+ 31. Kxg2 Rxe1 0-1

[Event "ROM-ch U14"]
[Site "Baile Felix"]
[Date "2017.02.07"]
[Round "7"]
[White "Vasilescu, Rares Cristian"]
[Black "Olariu, Luca Stefan"]
[Result "0-1"]
[WhiteElo "1565"]
[BlackElo "2072"]
[PlyCount "120"]
[EventDate "2017.02.02"]
[EventType "swiss"]
[EventRounds "9"]
[EventCountry "ROU"]
[SourceTitle "CBM 176 Extra"]
[Source "ChessBase"]
[SourceDate "2017.03.02"]
[SourceVersion "1"]
[SourceVersionDate "2017.03.02"]
[SourceQuality "1"]

1. d4 Nf6 2. Nf3 c5 3. dxc5 e6 4. Bf4 Bxc5 5. e3 d5 6. Nbd2 Nc6 7. Nb3 Be7 8. Be2 0-0 9. 0-0 Nh5 10. Bg3 Nxg3 11. hxg3 e5 12. c4 dxc4 13. Bxc4 Qb6 14. Qd2 Bg4 15. Nh2 Bf5 16. Qe2 Rac8 17. e4 Bg6 18. Rfd1 Rfd8 19. Bb5 Bxe4 20. Bxc6 Bxc6 21. Qxe5 Bf6 22. Rxd8+ Rxd8 23. Qe2 Bb5 24. Qc2 Bd3 25. Qc5 Bxb2 26. Qxb6 axb6 27. Rd1 Bf6 28. Ng4 Be7 29. Ne5 Bf5 30. Rxd8+ Bxd8 31. Nc4 Bb1 32. a3 Be4 33. Nd6 Bd5 34. Nd4 Kf8 35. N6f5 Bf6 36. Ne3 Bxg2 37. Kxg2 Bxd4 38. Nc4 Ke7 39. Kf3 Ke6 40. Ke2 Kd5 41. Nd2 b5 42. f3 Bb2 43. Nb1 Kc4 44. Nd2+ Kc3 45. Ne4+ Kc2 46. Nd6 Be5 47. Nxb5 Bxg3 48. Ke3 Bb8 49. Ke4 Kb3 50. Kd3 h5 51. Nd4+ Kxa3 52. Ne2 h4 53. Ng1 b5 54. Kc2 Ka2 55. Kc3 Bd6 56. Nh3 b4+ 57. Kc4 b3 58. Kd5 Bg3 59. f4 b2 60. Kd6 b1Q 0-1

[Event "ROM-ch U12"]
[Site "Calimanesti Caciulata"]
[Date "2016.04.23"]
[Round "7"]
[White "Vasilescu, Rares Cristian"]
[Black "Tablan, Matei Christian"]
[Result "1/2-1/2"]
[WhiteElo "1445"]
[BlackElo "1599"]
[PlyCount "78"]
[EventDate "2016.04.18"]
[EventType "swiss"]
[EventRounds "9"]
[EventCountry "ROU"]
[SourceTitle "CBM 172 Extra"]
[Source "ChessBase"]
[SourceDate "2016.06.21"]
[SourceVersion "1"]
[SourceVersionDate "2016.06.21"]
[SourceQuality "1"]

1. d4 d5 2. Nf3 Nf6 3. e3 Bf5 4. Bd3 Bxd3 5. Qxd3 c6 6. 0-0 e6 7. Nbd2 Be7 8. b3 0-0 9. Bb2 b6 10. Ne5 Nfd7 11. f4 Nxe5 12. fxe5 f5 13. c4 Qc8 14. cxd5 cxd5 15. Rfc1 Qb7 16. Rc2 Nd7 17. Rac1 Rfc8 18. a3 Kf8 19. Rc3 Ke8 20. g4 g6 21. gxf5 exf5 22. Qb5 Kd8 23. Rc6 Rxc6 24. Rxc6 Rc8 25. Rxc8+ Kxc8 26. Nb1 a6 27. Qd3 b5 28. Nc3 Qc6 29. a4 b4 30. Ne2 Nf8 31. Nf4 Ne6 32. Nxe6 Qxe6 33. Qc2+ Kb7 34. Bc1 f4 35. exf4 Qg4+ 36. Kh1 Qf3+ 37. Kg1 Qg4+ 38. Kh1 Qf3+ 39. Kg1 Qg4+ 1/2-1/2

[Event "ROM-ch U12"]
[Site "Calimanesti"]
[Date "2015.04.06"]
[Round "9"]
[White "Tabara, Andrei Cristian"]
[Black "Vasilescu, Rares Cristian"]
[Result "1/2-1/2"]
[WhiteElo "1444"]
[BlackElo "1148"]
[PlyCount "59"]
[EventDate "2015.03.30"]
[EventType "swiss"]
[EventRounds "9"]
[EventCountry "ROU"]
[SourceTitle "CBM 165 Extra"]
[Source "ChessBase"]
[SourceDate "2015.04.21"]
[SourceVersion "1"]
[SourceVersionDate "2015.04.21"]
[SourceQuality "1"]

1. e4 e5 2. Nf3 Nc6 3. Bc4 Bc5 4. d3 h6 5. Nc3 Nf6 6. 0-0 0-0 7. h3 d6 8. Be3 Bb6 9. Qd2 Kh7 10. Bxb6 axb6 11. Rfe1 Be6 12. Bb3 Qd7 13. Kh2 Bxb3 14. axb3 Rfe8 15. Ne2 Ne7 16. Ng3 Ng6 17. Ra3 Rxa3 18. bxa3 Ra8 19. Ra1 Re8 20. a4 Ra8 21. a5 bxa5 22. Rxa5 Rxa5 23. Qxa5 b6 24. Qa2 Ne7 25. Nd2 Ng6 26. Nf5 Nf4 27. Nc4 Ne6 28. Nce3 b5 29. Nd5 Nxd5 30. exd5 1/2-1/2

[Event "ROM-ch U12"]
[Site "Calimanesti"]
[Date "2015.03.31"]
[Round "2"]
[White "Ungureanu, Alexandru Daniel"]
[Black "Vasilescu, Rares Cristian"]
[Result "1-0"]
[WhiteElo "1507"]
[BlackElo "1148"]
[PlyCount "129"]
[EventDate "2015.03.30"]
[EventType "swiss"]
[EventRounds "9"]
[EventCountry "ROU"]
[SourceTitle "CBM 165 Extra"]
[Source "ChessBase"]
[SourceDate "2015.04.21"]
[SourceVersion "1"]
[SourceVersionDate "2015.04.21"]
[SourceQuality "1"]

1. d4 d5 2. Nf3 Nc6 3. Bf4 Nf6 4. e3 a6 5. Bd3 Bg4 6. Nbd2 e6 7. c3 Bd6 8. Bg3 Qe7 9. Qb3 b5 10. Ne5 Bxe5 11. dxe5 Nd7 12. f4 Nc5 13. Qc2 Nxd3+ 14. Qxd3 Bf5 15. Qe2 0-0 16. 0-0 Na7 17. Qf2 c5 18. Bh4 Qc7 19. h3 h6 20. g4 Bd3 21. Rfe1 c4 22. Nf1 Bxf1 23. Rxf1 Nc6 24. Kh1 Kh8 25. Rg1 Rg8 26. Qf3 g5 27. fxg5 hxg5 28. Qf6+ Kh7 29. Bxg5 Rg6 30. Qf4 Qxe5 31. Qxf7+ Rg7 32. Qh5+ Kg8 33. Bh6 Qxh5 34. gxh5 Rxg1+ 35. Rxg1+ Kh7 36. Bg5 Rg8 37. h4 Ne5 38. Rf1 Nd7 39. Kh2 Rf8 40. Rxf8 Nxf8 41. Kg3 Nd7 42. Kf4 Kg7 43. h6+ Kh7 44. h5 a5 45. a3 a4 46. e4 dxe4 47. Kxe4 Kh8 48. Kd4 Kh7 49. Bf4 Kh8 50. Be5+ Kh7 51. Bg7 Kg8 52. Ke4 Kf7 53. Kf4 Kg8 54. Bd4 Kh7 55. Kg5 e5 56. Be3 e4 57. Kf5 Kh8 58. Kxe4 Nf6+ 59. Kf5 Nxh5 60. Kg6 Ng3 61. Bd4+ Kg8 62. h7+ Kf8 63. h8Q+ Ke7 64. Qe5+ Kd7 65. Qxg3 1-0